| 000 | 02128cam a22005894i 4500 | ||
|---|---|---|---|
| 003 | PE-LiUPU | ||
| 005 | 20250731170430.0 | ||
| 008 | 150623s1988 cau rb 000 0 eng d | ||
| 035 | _a(Sirsi) a25893 | ||
| 040 |
_aPE-LiUPU _bspa _cPE-LiUPU _erda |
||
| 049 | _aPRUA | ||
| 082 | 0 | 4 |
_a174.2 _bB18 _221 |
| 100 | 1 |
_aWalters, James W., _eautor. |
|
| 245 | 1 | 0 |
_aBioethics today : _ba new ethical vision. |
| 264 | 1 |
_aLoma Linda, Riverside, CA : _bLoma Linda University Press, _c1988. |
|
| 300 |
_a116 páginas ; _c20 centímetros |
||
| 336 |
_atext _2rdacontent |
||
| 337 |
_aunmediated _2rdamedia |
||
| 338 |
_avolume _2rdacarrier |
||
| 504 | _aIncluye bibliografía. | ||
| 505 | 0 | _aThe waning of old ethical models -- The demand for new ethical vision. Sick newborns: treatment or nontreatment decisions -- Perceptions of death in bioetical decision making -- Organ transplantation: cost. justice and experimentation -- Justice and american health care -- A just allocation of health care-the role of the patient. For profit hospital corporations and the third world -- The priority of persons in biomedical ethics. | |
| 526 | _aSEG68 | ||
| 526 | _aSEG70 | ||
| 526 | _aSEG69 | ||
| 526 | _aSEG67 | ||
| 526 | _aSEG43 | ||
| 526 | _aP144 | ||
| 526 | _aP143 | ||
| 526 | _aP131 | ||
| 526 | _aP122 | ||
| 526 | _aP120 | ||
| 526 | _aP117 | ||
| 526 | _aP112 | ||
| 526 | _aP110 | ||
| 526 | _aP106 | ||
| 526 | _aP101 | ||
| 526 | _aP80 | ||
| 526 | _aP59 | ||
| 526 | _aP54 | ||
| 526 | _aP35 | ||
| 526 | _aP33 | ||
| 526 | _aP30 | ||
| 650 | 0 | 4 | _aÉtica médica. |
| 650 | 0 | 4 | _aBioética médica. |
| 700 | 1 |
_aWalters, James W., _eeditor. |
|
| 942 |
_2ddc _cBOOK |
||
| 949 |
_a174.2 B18 _wDEWEY _c1 _i51163 _lCCODEBUL1 _mBUL _p10.00 _r0 _sY _tBOOK _u2015-06-24 _xTEOLOGIA _PP35 _0COMPRA _o.STAFF. Colección General |
||
| 994 |
_aC0 _bPEPRU |
||
| 596 | _a1 | ||
| 999 |
_a174.2 B18 _wDEWEY _c32864 _i51163 _f2021-11-4 _g5 _lCCODEBUL1 _mBUL _p10.00 _r0 _sY _tBOOK _u2015-6-24 _xBIBLIOTECA _PP35 _0COMPRA _o.STAFF. Colección Teología _d32864 |
||
| 980 |
_81 _gALBERTO SANCHEZ Responsable de Automatización |
||